[Event "24th Bosnjaci Open 2019"]
[Site "Bosnjaci"]
[Date "2019.01.06"]
[Round "6.22"]
[White "Luketic, Ivan"]
[Black "Pasalic, Adnan"]
[Result "1/2-1/2"]
[WhiteElo "1801"]
[BlackElo "1973"]
[Annotator "NA"]
[PlyCount "89"]
[EventDate "2019.01.03"]
[EventType "swiss"]
[EventCountry "CRO"]
[SourceTitle "playchess.com"]
[Source "ChessBase"]
[SourceQuality "1"]
[TimeControl "5400+30"]

1. Nf3 {[%emt 0:00:30]} d5 {[%emt 0:00:30]} 2. g3 {[%emt 0:00:00]} Nf6 {[%emt 0:00:30]} 3. d4 {[%emt 0:01:00]} e6 {[%emt 0:00:30]} 4. Nbd2 {[%emt 0:00:30]} Bd6 {[%emt 0:00:30]} 5. Bg2 {[%emt 0:01:30]} O-O {[%emt 0:00:30]} 6. O-O {[%emt 0:01:30]} Nbd7 {[%emt 0:00:30]} 7. c4 {[%emt 0:00:30]} c6 {[%emt 0:00:30]} 8. Re1 {[%emt 0:00:30]} b6 {[%emt 0:04:30]} 9. a3 {[%emt 0:00:30]} a5 {[%emt 0:01:30]} 10. Qc2 {[%emt 0:00:30]} Bb7 {[%emt 0:00:30]} 11. e4 {[%emt 0:00:30]} dxe4 {[%emt 0:00:30]} 12. Nxe4 {[%emt 0:00:30]} Nxe4 {[%emt 0:00:00]} 13. Qxe4 {[%emt 0:00:30]} Nf6 {[%emt 0:01:00]} 14. Qc2 {[%emt 0:00:30]} c5 {[%emt 0:01:30]} 15. Be3 {[%emt 0:00:00]} Qc7 {[%emt 0:03:30]} 16. b3 {[%emt 0:01:00]} h6 {[%emt 0:02:30]} 17. Rad1 {[%emt 0:00:00]} Ng4 {[%emt 0:00:30]} 18. Qc3 {[%emt 0:00:00]} Nxe3 {[%emt 0:01:30]} 19. Qxe3 {[%emt 0:01:30]} cxd4 {[%emt 0:00:30]} 20. Nxd4 {[%emt 0:00:30]} Bc5 {[%emt 0:02:30]} 21. Nb5 {[%emt 0:03:30]} Qe7 {[%emt 0:03:30]} 22. Qc1 {[%emt 0:01:30]} Bxg2 {[%emt 0:01:30]} 23. Kxg2 {[%emt 0:00:30]} Rfd8 {[%emt 0:01:30]} 24. h3 {[%emt 0:00:30]} Qb7+ {[%emt 0:00:00]} 25. f3 {[%emt 0:01:30]} Qe7 {[%emt 0:05:00]} 26. h4 {[%emt 0:00:30]} Rxd1 {[%emt 0:03:30]} 27. Rxd1 {[%emt 0:00:30]} Rd8 {[%emt 0:00:30]} 28. Rxd8+ {[%emt 0:02:30]} Qxd8 {[%emt 0:00:30]} 29. Qc2 {[%emt 0:01:30]} Qf6 {[%emt 0:00:30]} 30. Nc3 {[%emt 0:04:30]} Qd4 {[%emt 0:00:30]} 31. Kh3 {[%emt 0:03:30]} Qg1 {[%emt 0:07:30]} 32. Qd1 {[%emt 0:03:30]} Qxd1 {[%emt 0:03:30]} 33. Nxd1 {[%emt 0:01:30]} Bxa3 {[%emt 0:00:30]} 34. Nf2 {[%emt 0:00:00]} Kf8 {[%emt 0:00:30]} 35. Nd3 {[%emt 0:00:00]} Ke7 {[%emt 0:00:30]} 36. Kg2 {[%emt 0:00:30]} Kd6 {[%emt 0:00:30]} 37. f4 {[%emt 0:00:30]} f6 {[%emt 0:01:30]} 38. Kf3 {[%emt 0:00:30]} Bc5 {[%emt 0:01:30]} 39. h5 {[%emt 0:01:30]} Bd4 {[%emt 0:02:30]} 40. Ke4 {[%emt 0:02:30]} Bc3 {[%emt 0:01:30]} 41. g4 {[%emt 0:00:30]} Bd2 {[%emt 0:02:30]} 42. f5 {[%emt 0:00:30]} Bg5 {[%emt 0:03:30]} 43. fxe6 {[%emt 0:02:30]} Kxe6 {[%emt 0:00:30]} 44. Nf2 {[%emt 0:00:30]} Bd2 {[%emt 0:01:30]} 45. Nd3 {[%emt 0:00:30]} 1/2-1/2

[Event "24th Bosnjaci Open 2019"]
[Site "Bosnjaci"]
[Date "2019.01.08"]
[Round "6.24"]
[White "Novosad, Ivan"]
[Black "Andrijevic, Milan"]
[Result "0-1"]
[WhiteElo "1840"]
[BlackElo "2244"]
[Annotator "ChessBase"]
[PlyCount "70"]
[EventDate "2019.01.03"]
[EventType "swiss"]
[EventCountry "CRO"]
[TimeControl "5400+30"]

1. d4 {[%emt 0:00:30]} d5 {[%emt 0:01:30]} 2. c4 {[%emt 0:00:00]} e6 {[%emt 0:00:30]} 3. Nc3 {[%emt 0:00:00]} Nf6 {[%emt 0:00:00]} 4. Bg5 {[%emt 0:00:30]} Be7 {[%emt 0:00:00]} 5. e3 {[%emt 0:00:30]} O-O {[%emt 0:00:30]} 6. Nf3 {[%emt 0:00:30]} Ne4 {[%emt 0:00:00]} 7. Bxe7 {[%emt 0:01:30]} Qxe7 {[%emt 0:00:00]} 8. cxd5 {[%emt 0:00:30]} Nxc3 {[%emt 0:00:30]} 9. d6 {[%emt 0:06:30]} cxd6 {[%emt 0:02:30]} 10. bxc3 {[%emt 0:00:00]} e5 {[%emt 0:01:30]} 11. Be2 {[%emt 0:05:00]} b6 {[%emt 0:01:30]} 12. Rc1 {[%emt 0:01:30]} Bb7 {[%emt 0:00:30]} 13. O-O {[%emt 0:00:30]} Nc6 {[%emt 0:02:30]} 14. Re1 {[%emt 0:03:30]} Na5 {[%emt 0:01:30]} 15. Nd2 {[%emt 0:02:30]} Rac8 {[%emt 0:06:30]} 16. Qa4 {[%emt 0:07:30]} Qg5 {[%emt 0:12:30]} 17. g3 {[%emt 0:08:30]} Qg6 {[%emt 0:01:30]} 18. c4 {[%emt 0:10:30]} Rc7 {[%emt 0:03:30]} 19. d5 {[%emt 0:10:30]} h5 {[%emt 0:05:30]} 20. Nb3 {[%emt 0:00:30]} Nxb3 {[%emt 0:00:30]} 21. axb3 {[%emt 0:00:30]} Bc8 {[%emt 0:01:30]} 22. Qa2 {[%emt 0:02:30]} h4 {[%emt 0:04:30]} 23. Bf3 {[%emt 0:02:30]} f5 {[%emt 0:02:30]} 24. Qc2 {[%emt 0:02:30]} Qg5 {[%emt 0:01:30]} 25. Qd2 {[%emt 0:02:30]} Rcf7 {[%emt 0:04:30]} 26. Bg2 {[%emt 0:00:30]} f4 {[%emt 0:00:30]} 27. exf4 {[%emt 0:02:30]} exf4 {[%emt 0:00:30]} 28. Rc3 {[%emt 0:00:30]} Qh6 {[%emt 0:02:30]} 29. gxh4 {[%emt 0:02:30]} Qxh4 {[%emt 0:01:30]} 30. f3 {[%emt 0:06:30]} Rf6 {[%emt 0:00:30]} 31. Rc2 {[%emt 0:01:30]} Rg6 {[%emt 0:04:30]} 32. Kh1 {[%emt 0:00:30]} Rh6 {[%emt 0:05:30]} 33. Kg1 {[%emt 0:03:45]} Qxh2+ {[%emt 0:00:30]} 34. Kf1 {[%emt 0:00:31]} Rg6 {[%emt 0:01:30]} 35. Qf2 {[%emt 0:01:18]} Rxg2 {[%emt 0:00:30]} 0-1

[Event "24th Bosnjaci Open 2019"]
[Site "Bosnjaci"]
[Date "2019.01.07"]
[Round "7.1"]
[White "Zaja, Ivan"]
[Black "Beletic, Daniel"]
[Result "1-0"]
[WhiteElo "2458"]
[BlackElo "2371"]
[Annotator "TA"]
[PlyCount "85"]
[EventDate "2019.01.03"]
[EventType "swiss"]
[EventCountry "CRO"]
[SourceTitle "playchess.com"]
[Source "ChessBase"]
[SourceQuality "1"]

{[%evp 19,85,65,69,41,45,37,36,24,61,0,18,16,33,10,10,11,11,0,12,12,5,12,41,19,19,21,64,0,0,0,0,2,171,83,75,77,77,49,71,83,77,77,124,119,118,118,168,185,373,368,336,247,645,641,733,728,831,833,1000,1000,991,1074,1074,1020,980,934,1450,1229]} 1. d4 g6 2. c4 Bg7 3. Nc3 d6 4. e4 Nc6 5. Nge2 e5 6. Be3 Nh6 7. d5 Ne7 8. f3 f5 9. Qd2 Nf7 10. g3 {A42: Modern Defence: Averbakh Variation} (10. O-O-O O-O 11. Kb1 a6 12. Nc1 Bd7 13. Be2 Kh8 14. g4 Qc8 15. h3 Ng8 16. Nd3 Nf6 17. c5 Bb5 18. Rhg1 fxe4 19. fxe4 {1-0 (37) Bruzon Batista,L (2691)-Shoker,S (2466) Tsaghkadzor 2015}) 10... c5 {LiveBook: 4 Games} 11. h4 h5 12. Bh3 {White is slightly better.} a6 $146 ({Predecessor:} 12... Bd7 13. a3 Bh6 14. b4 Bxe3 15. Qxe3 Qc7 16. b5 a6 17. Kf2 O-O {½-½ (34) Kuban,G (2230)-Buchal,S (2305) Germany 1988}) 13. a4 Qa5 14. Nd1 Qxd2+ 15. Bxd2 O-O 16. a5 Bh6 (16... fxe4 {feels hotter.} 17. fxe4 Bxh3 18. Rxh3 Bh6 19. Ra3 Bxd2+ 20. Kxd2 Nh6) 17. Ra3 Bxd2+ 18. Kxd2 fxe4 19. fxe4 Bxh3 20. Rxh3 Rac8 21. Ne3 Nh6 $1 22. Rh1 Kh8 23. b4 ({Better is} 23. Rb3 $14) 23... Neg8 24. bxc5 Nf6 25. Nc3 $1 $36 {[%mdl 2048] White has good play.} ({Don't play} 25. cxd6 Nxe4+ 26. Ke1 Nxd6 $17) 25... Nfg4 $2 (25... Rxc5 $11 {and Black has nothing to worry.} 26. Rf1 Nhg4) 26. Rf1 (26. Nxg4 $18 Nxg4 27. cxd6) 26... Rxf1 $16 27. Nxf1 Rxc5 28. Ra4 Ng8 29. Ke2 N8f6 {[#]} 30. Nd2 $1 Rc7 31. Rb4 Nd7 32. Nf3 Rc5 33. Rxb7 Ndf6 $2 (33... Ngf6 {was worth a try.}) 34. Rb6 $18 Rxc4 35. Rc6 Rb4 $2 {[#]} (35... Rc5 36. Rxc5 dxc5) 36. Nd2 $1 {White is clearly winning.} Rb2 37. Rxa6 Nf2 38. Rb6 Rc2 39. Rc6 Rb2 40. Kxf2 Rxd2+ 41. Ke3 Rg2 42. a6 Ng4+ 43. Kd3 {Precision: White = 57%, Black = 35%.} 1-0

[Event "24th Bosnjaci Open 2019"]
[Site "Bosnjaci"]
[Date "2019.01.07"]
[Round "7.2"]
[White "Muratovic, Efim"]
[Black "Fercec, Nenad"]
[Result "1/2-1/2"]
[WhiteElo "2389"]
[BlackElo "2451"]
[Annotator "TA"]
[PlyCount "90"]
[EventDate "2019.01.03"]
[EventType "swiss"]
[EventCountry "CRO"]
[SourceTitle "playchess.com"]
[Source "ChessBase"]
[SourceQuality "1"]

{[%evp 29,90,0,19,-16,0,-14,41,8,24,15,13,10,22,0,0,0,0,-120,-131,-122,-128,-99,-49,-62,-74,-70,-79,-75,-75,-81,-89,-88,-56,-88,-85,-132,-131,-262,-226,-218,-218,-215,-221,-209,-219,-198,-190,-210,-186,-221,-50,-70,0,0,0,0,0,0,0,0,0,0,0]} 1. d4 Nf6 2. Nf3 g6 3. c4 Bg7 4. g3 O-O 5. Bg2 d5 6. cxd5 Nxd5 7. O-O Nb6 8. Nc3 Nc6 9. d5 Na5 10. Qc2 c6 11. dxc6 Nxc6 12. Rd1 Qe8 13. Qe4 {D76: Fianchetto Grünfeld: Main Line with 7...Nb6} Bf5 14. Qh4 f6 15. g4 Bc2 {[#] LiveBook: 5 Games} 16. Re1 $146 ({Predecessor:} 16. Rd2 g5 17. Qg3 Bg6 18. h4 h6 19. b3 f5 20. Bb2 fxg4 21. Qxg4 {1-0 (39) Danielsen,H (2501)-Olafsson,T (2266) Reykjavik 2013}) 16... g5 17. Qg3 Qb8 ({Black should try} 17... Rd8 $11) 18. Bd2 Qxg3 19. hxg3 Rfd8 20. Rac1 Bg6 21. b3 e5 22. Be3 Bf8 23. Nb5 (23. Red1 $11) 23... Nd5 $17 24. Bc5 a6 $1 $36 {[%cal Ra6b5][%mdl 2048] Keeping White busy.} 25. Bxf8 Kxf8 (25... axb5 {keeps more tension.} 26. e4 Bxe4 27. Bc5 Bg6 28. a3 b4) 26. Nc3 Nxc3 27. Rxc3 e4 28. Nh2 {[#]} Rd2 $1 29. Nf1 Rxa2 30. Ne3 Rd8 31. Kf1 Rd4 32. Rec1 Rdd2 33. Nc2 (33. Re1 $17) 33... Rb2 34. Ke1 {[#]} e3 $1 {[%mdl 576] Decoy} 35. Nxe3 Rxe2+ {[%mdl 64] Double Attack} 36. Kf1 Rxf2+ 37. Kg1 {[#]} Rxg2+ $1 38. Nxg2 {[#]} Nd4 $1 {[%cal Rd4e2] Hoping for ...Ne2+.} 39. Rc8+ Kg7 $2 (39... Ke7 $19 {And now ...Ne2+ would win.} 40. Kh2 Be4 41. R1c7+ Kd6) 40. R8c7+ $15 Kg8 (40... Kh6 $15 41. Rf1 Rxb3 42. Rxf6 a5) 41. Rd1 $1 $11 {[%cal Rd1d4] The position is equal.} Nf3+ 42. Kf1 $1 Nh2+ 43. Kg1 {White threatens Rd8+ and mate.} Nf3+ 44. Kf1 $1 {Rd8+ would kill now.} Nh2+ 45. Kg1 {Intending Rd8+ and mate.} Nf3+ {Accuracy: White = 48%, Black = 59%.} 1/2-1/2

[Event "24th Bosnjaci Open 2019"]
[Site "Bosnjaci"]
[Date "2019.01.07"]
[Round "7.3"]
[White "Sale, Srdjan"]
[Black "Muha, Miljenko"]
[Result "1/2-1/2"]
[WhiteElo "2446"]
[BlackElo "2310"]
[Annotator "TA"]
[PlyCount "141"]
[EventDate "2019.01.03"]
[EventType "swiss"]
[EventCountry "CRO"]
[SourceTitle "playchess.com"]
[Source "ChessBase"]
[SourceQuality "1"]

{[%evp 17,141,0,8,-15,-15,-33,-12,-32,0,-34,-22,-28,-11,-46,-40,-38,-16,-19,-18,-55,-64,-81,-58,-47,-54,-66,-68,-87,-62,-171,-178,-182,-59,-352,0,-185,-174,-182,-194,-188,-198,-196,-196,-185,-189,-204,-181,-179,-179,-199,-193,-188,-187,-187,-187,-204,-189,-204,-195,-219,-208,-252,-218,-210,-187,-343,-320,-410,-422,-418,-404,-325,-354,-410,-313,-897,-846,-732,-604,-733,-396,-398,-389,-372,-376,-422,-422,-422,-8,-8,-8,-11,-8,-29,0,-8,0,0,0,0,0,0,0,0,0,0,0,0,0,0,0,0,0,0,0,0,0,0,-348,-8,-21,-362,-412,-412,0,0]} 1. c4 e6 2. Nf3 d5 3. g3 dxc4 4. Bg2 Nf6 5. Qa4+ Nbd7 6. O-O c5 7. Qxc4 b6 8. d4 Bb7 9. Nc3 Rc8 {LiveBook: 36 Games. E03: Open Catalan: 5 Qa4+ Nbd7 6 Qxc4} 10. Qa4 (10. Qd3 cxd4 11. Nxd4 Bxg2 12. Kxg2 Bb4 13. Ndb5 a6 14. Nd6+ Bxd6 15. Qxd6 Qe7 16. Qd3 b5 17. Bf4 {0-1 (56) Grischuk,A (2774)-Eljanov,P (2717) Baku 2015}) 10... a6 11. dxc5 b5 $146 {Black is slightly better.} ({Predecessor:} 11... Bxc5 12. Rd1 b5 13. Qb3 Qb6 14. e3 O-O 15. a4 b4 16. a5 Qc7 17. Ne2 {0-1 (31) Heise,S-Schumacher,G (2135) Bad Zwesten 1997}) 12. Qh4 {next b4 is good for White.} (12. Qf4 $5 {[%cal Rb2b4]}) 12... Be7 13. Bg5 Rxc5 14. Rfd1 h6 15. Bxf6 Bxf6 16. Qb4 Rc4 $36 {[%mdl 2048] Black fights for an advantage.} 17. Qd6 Qc7 18. Ne1 Bxg2 19. Nxg2 Rc6 (19... Bxc3 {keeps more tension.} 20. bxc3 Qxd6 21. Rxd6 Nc5 22. Ne3 Rxc3 23. Nd1 Ke7) 20. Qxc7 Rxc7 21. Rd6 Nc5 22. Rb6 Ke7 23. Rd1 (23. Rc1 $1 $15) 23... Ra8 $19 24. Rc1 Rac8 ({Black should try} 24... Raa7 $19 25. Nd1 Na4) 25. Rd1 $2 {[%mdl 8192]} (25. Ne3 $15) 25... Ra8 (25... Ra7 $142 26. Rbd6 b4) 26. Rc1 $1 Raa7 27. Nd1 Na4 28. Rbc6 Rxc6 29. Rxc6 Nxb2 30. Nxb2 Bxb2 {[%mdl 4096] Endgame KRB-KRN} 31. Nf4 Be5 32. Nd3 Bd6 33. Kg2 Kd7 34. Rc2 Rc7 35. Rd2 Ke7 36. f4 f5 37. Kf3 a5 {[%cal Ba6a5,Ba5a4,Ba4a3][%mdl 32]} 38. h3 Rc3 39. g4 g6 40. e3 a4 41. Ke2 $2 (41. h4) 41... b4 42. Rb2 a3 43. Rd2 b3 44. axb3 Rxb3 45. Rc2 Rb1 46. Nc1 $2 (46. Kf3) 46... fxg4 47. hxg4 h5 48. gxh5 gxh5 49. Kf3 Kd7 50. Nd3 Rb3 51. Nc5+ Bxc5 $1 52. Rxc5 {[#] KR-KR} Rb1 $2 (52... h4 $1 $19 53. Kg4 Rb1) 53. Ra5 $11 Ra1 54. Kg2 Kc6 {Threatens to win with ...Kb6.} 55. e4 Kb6 56. Ra8 Kc5 57. f5 exf5 58. exf5 Kd6 59. Ra6+ Ke7 {Hoping for ...Kf7.} 60. Re6+ Kf7 61. Ra6 a2 {aiming for ...h4.} 62. Kh2 $1 Kg7 63. Rg6+ Kf8 64. Rf6+ Ke8 65. Re6+ Kf7 {( -> ...Rf1)} 66. Ra6 h4 {Strongly threatening ...h3!} 67. Kg2 {[#]} h3+ $1 {[%mdl 8704]} 68. Kh2 $19 (68. Kxh3 Rh1+) 68... Kg7 {And now ...Kf7 would win.} (68... Ke8 $5 69. Ra7 $8 Kf8 $11) 69. Rg6+ $2 {[%mdl 8192]} (69. f6+ $1 $11 {and White has nothing to worry.} Kf7 70. Ra8) 69... Kf8 {White must now prevent ...Re1.} 70. Rf6+ Kg8 $2 ({Better is} 70... Ke7 $19 71. Re6+ Kd7) 71. Rg6+ $1 {Accuracy: White = 46%, Black = 58%.} 1/2-1/2

[Event "24th Bosnjaci Open 2019"]
[Site "Bosnjaci"]
[Date "2019.01.07"]
[Round "7.4"]
[White "Bobanac, Miro"]
[Black "Rogulj, Branko"]
[Result "0-1"]
[WhiteElo "2308"]
[BlackElo "2413"]
[Annotator "TA"]
[PlyCount "68"]
[EventDate "2019.01.03"]
[EventType "swiss"]
[EventCountry "CRO"]
[SourceTitle "playchess.com"]
[Source "ChessBase"]
[SourceQuality "1"]

{[%evp 9,68,-53,5,-25,-29,-52,-47,-81,-57,-65,-47,-64,-25,-29,-28,-31,-12,-11,14,-27,-21,-67,-70,-70,-66,-77,-69,-97,-13,-32,6,0,0,0,0,-229,-232,-519,-545,-683,-613,-726,-712,-1118,-920,-914,-897,-861,-856,-837,-804,-887,-711,-1275,-756,-29995,-29996,-29996,-29997,-29997,-29998]} 1. Nf3 c5 2. b3 Nc6 3. Bb2 Nf6 4. Bxf6 gxf6 5. e3 $146 ({Predecessor:} 5. c4 f5 6. Nc3 Bg7 7. Rc1 b6 8. g3 Bb7 9. Bg2 e6 10. e3 Qe7 11. O-O {0-1 (29) So,W (2815)-Carlsen,M (2832) chess.com INT 2017}) 5... Bg7 (5... d5 $15) 6. c3 {A04: Unusual lines after 1 Nf3 and King's Indian Attack} f5 7. Qc2 d6 8. Bb5 {Black is slightly better.} Qb6 9. Be2 e5 10. O-O Qd8 11. d4 cxd4 12. cxd4 e4 13. Ne1 O-O 14. Nc3 d5 15. g3 f4 $1 16. gxf4 Bh3 $36 {[%mdl 2048] Black is more active.} 17. Ng2 Rc8 {[%cal Ba8c8,Bc8c6,Bc6h6,Bh6g6][%mdl 1056] Hoping for ...Kh8. Black has strong compensation.} 18. Rac1 Ne7 (18... Kh8 $17 {Strongly threatening ...Rg8.} 19. Kh1 Rg8) 19. Kh1 Rc6 20. Qd2 Rh6 21. Rg1 Nf5 22. Qe1 $2 {[#]} (22. Qd1 $1 $11 {and White stays safe.}) 22... Kh8 $1 $19 23. Nd1 $2 (23. f3 Bxg2+ 24. Rxg2 Nxe3 25. Rg1 (25. Rxg7 $2 Kxg7 26. fxe4 Kh8 $19)) 23... Rg8 24. f3 Bf8 25. Qf2 Rhg6 26. Bf1 Nh4 27. fxe4 Bxg2+ 28. Bxg2 Rxg2 29. Rxg2 Rxg2 (29... Nxg2 $2 30. Nc3 $19) 30. Qf1 dxe4 31. Nc3 Qd7 {( -> ...Qh3)} 32. Qb5 Qh3 {[%csl Gg2][%cal Rh3h2][%mdl 64] [#] Double Attack. Black mates.} 33. Qe5+ Kg8 {[%csl Gg2][%cal Rh3h2]} 34. f5 Nf3 {[%mdl 64] Double Attack. Accuracy: White = 23%, Black = 63%.} 0-1

[Event "24th Bosnjaci Open 2019"]
[Site "Bosnjaci"]
[Date "2019.01.07"]
[Round "7.5"]
[White "Cvitan, Ena"]
[Black "Ivekovic, Bozidar"]
[Result "1/2-1/2"]
[WhiteElo "2201"]
[BlackElo "2398"]
[Annotator "TA"]
[PlyCount "47"]
[EventDate "2019.01.03"]
[EventType "swiss"]
[EventCountry "CRO"]
[SourceTitle "playchess.com"]
[Source "ChessBase"]
[SourceQuality "1"]

{[%evp 17,47,43,68,0,9,25,21,22,10,-21,8,-72,0,0,0,0,0,0,0,0,0,0,46,39,43,44,59,54,58,58,58,55]} 1. d4 Nf6 2. c4 c6 3. Nc3 d5 4. cxd5 cxd5 5. Bf4 Nc6 6. e3 Bf5 7. Nf3 Qb6 8. Bb5 e6 9. O-O {D14: Slav Defence: Exchange variation with ...Bf5} (9. Qa4 Nd7 10. Nh4 Bg4 11. h3 Bh5 12. e4 Bb4 {½-½ (12) Pozo Vera,S (2421)-Borges Matos,J (2429) Santa Clara 2015}) 9... Be7 {LiveBook: 5 Games} 10. h3 ({White should try} 10. Ne5 $14) 10... O-O 11. Bxc6 $146 {The position is equal.} ({Predecessor:} 11. Nh4 Be4 12. f3 Bg6 13. Nxg6 hxg6 14. Rc1 Rac8 {0-1 (25) Jensen,H (2059)-Willumsen,H (2246) Esbjerg 2007}) 11... Qxc6 12. Ne5 Qa6 13. Rc1 Ne4 14. a3 (14. g4 $11 Nxc3 15. Rxc3) 14... Rfc8 (14... Nxc3 $17 15. Rxc3 f6) 15. Nxe4 $1 $11 ({Don't play} 15. Qh5 g6 $17) 15... Bxe4 16. f3 $1 $36 {[%cal Rf3e4][%mdl 2048] White has good play.} Bf5 17. g4 Bg6 18. Qd2 Qa4 19. Rc3 Bf6 20. Rfc1 {White is slightly better.} Rxc3 21. Qxc3 Bxe5 {[#]} 22. Qc8+ $1 {[%mdl 512]} Qe8 (22... Rxc8 23. Rxc8+) 23. Qxe8+ Rxe8 24. Bxe5 {Accuracy: White = 67%, Black = 39%.} 1/2-1/2

[Event "24th Bosnjaci Open 2019"]
[Site "Bosnjaci"]
[Date "2019.01.07"]
[Round "7.6"]
[White "Ivekovic, Tihana"]
[Black "Zovko, Mario"]
[Result "1/2-1/2"]
[WhiteElo "2071"]
[BlackElo "2318"]
[Annotator "TA"]
[PlyCount "66"]
[EventDate "2019.01.03"]
[EventType "swiss"]
[EventCountry "CRO"]
[SourceTitle "playchess.com"]
[Source "ChessBase"]
[SourceQuality "1"]

{[%evp 10,66,37,25,45,47,85,52,69,45,121,89,83,72,65,44,58,54,64,62,58,28,70,0,-5,2,13,19,16,2,12,0,0,0,0,0,0,0,0,-21,0,-49,0,-6,0,0,18,0,0,0,7,4,21,0,37,36,43,51,91]} 1. d4 d5 2. c4 Bf5 3. Nc3 e6 4. cxd5 exd5 5. Nf3 Nc6 6. a3 {LiveBook: 9 Games} Qd7 {D06: Queen's Gambit: Symmetrical and Baltic Defences} (6... Nf6 7. Bg5 Be7 8. e3 O-O 9. Bd3 {½-½ (9) Shariyazdanov,A (2592)-Nevednichy,V (2594) Sibenik 2005}) 7. Bf4 $146 ({Predecessor:} 7. Bg5 Be7 8. Bf4 Nf6 9. e3 Nh5 10. Ne5 Nxe5 11. Bxe5 Nf6 12. Be2 c6 13. O-O O-O 14. h3 {0-1 (40) De Wel,H-Cluyts,M Belgium 1999}) 7... a6 8. e3 Rd8 9. Bd3 Bg4 (9... Bxd3 $14 10. Qxd3 Be7) 10. Qc2 Nf6 11. O-O Bxf3 12. gxf3 {Strongly threatening Bf5.} (12. Bf5 $5 {[%cal Rf5d7]} Qe7 13. gxf3 $14) 12... g6 13. Na4 Nh5 14. Bg3 $1 Nxg3 15. fxg3 h5 16. Nc5 ({White should play} 16. Rac1 $14) 16... Bxc5 $1 $11 17. Qxc5 Qe7 18. Qxe7+ Nxe7 19. Rac1 c6 20. Rfd1 Nc8 21. Kf2 Ke7 22. Rc2 f5 23. Rg1 Kf6 24. Rcc1 Nd6 25. b4 Rc8 26. a4 Rh7 27. Rc2 b5 28. axb5 axb5 29. Ra2 Re7 30. Ra6 Nc4 31. Rc1 Ke6 32. e4 fxe4 33. fxe4 dxe4 {Accuracy: White = 39%, Black = 40%.} 1/2-1/2

[Event "24th Bosnjaci Open 2019"]
[Site "Bosnjaci"]
[Date "2019.01.07"]
[Round "7.7"]
[White "Stocko, Josip"]
[Black "Goric, Esad"]
[Result "1/2-1/2"]
[WhiteElo "2282"]
[BlackElo "2260"]
[Annotator "TA"]
[PlyCount "41"]
[EventDate "2019.01.03"]
[EventType "swiss"]
[EventCountry "CRO"]
[SourceTitle "playchess.com"]
[Source "ChessBase"]
[SourceQuality "1"]

{[%evp 14,15,54,50]} 1. d4 Nf6 2. Nf3 d6 3. g3 Nbd7 4. Bg2 e5 5. O-O Be7 6. c4 c6 7. Nc3 O-O 8. e4 {LiveBook: 649 Games} {Predecessor:} a6 $146 9. a4 a5 10. h3 Re8 11. Be3 exd4 12. Nxd4 Nc5 13. Qc2 Bf8 14. Rad1 Qb6 15. g4 g6 16. g5 Nh5 17. f4 Be6 18. Nxe6 Rxe6 19. Qf2 f5 20. gxf6 Rxf6 21. f5 {½-½ (29) Sorokin,A (2522)-Khismatullin,D (2617) St Petersburg 2018} 1/2-1/2

[Event "24th Bosnjaci Open 2019"]
[Site "Bosnjaci"]
[Date "2019.01.07"]
[Round "7.9"]
[White "Dabic, Stjepan"]
[Black "Kovacevic, Blazimir"]
[Result "0-1"]
[WhiteElo "2077"]
[BlackElo "2488"]
[Annotator "TA"]
[PlyCount "70"]
[EventDate "2019.01.03"]
[EventType "swiss"]
[EventCountry "CRO"]
[SourceTitle "playchess.com"]
[Source "ChessBase"]
[SourceQuality "1"]

{[%evp 10,70,2,-14,6,10,16,10,100,100,89,87,97,97,95,96,100,96,79,91,90,67,62,47,49,49,64,24,50,30,29,18,29,-14,-17,-29,-27,-30,-36,-106,-37,-206,-209,-203,-211,-208,-183,-206,-200,-761,-740,-995,-975,-939,-918,-1795,-1741,-29982,-29983,-29986,-29987,-29986,-29976]} 1. d4 Nf6 2. c4 e6 3. Nc3 Bb4 4. e3 b6 5. Be2 Bb7 6. Bf3 {LiveBook: 9 Games. E43: Nimzo-Indian: Rubinstein: 4...b6} Qc8 (6... Bxf3 7. Qxf3 d5 8. cxd5 exd5 9. Nge2 O-O 10. O-O Re8 11. Bd2 c6 12. Rac1 Bd6 13. Ng3 {1-0 (63) Jobava,B (2710)-Bauer,C (2622) Plovdiv 2010}) 7. Bd2 Bxc3 $146 ({Predecessor:} 7... O-O 8. d5 exd5 9. Nxd5 Nxd5 10. cxd5 Bxd2+ 11. Qxd2 c5 12. Ne2 d6 13. O-O {½-½ (43) Ozenir,E (2300)-Milanovic,S (2370) Paracin 2018}) 8. Bxc3 {The position is equal.} Ne4 {[#]} (8... d5 $11) 9. Bxe4 $1 $16 Bxe4 10. Qg4 Bg6 11. h4 {Hoping for h5.} h5 12. Qf3 c6 13. Nh3 d5 14. Nf4 Nd7 {[%cal Bb8d7,Bd7f6,Bf6g4][%mdl 32]} 15. Nxg6 fxg6 16. Qg3 Kf7 {[%cal Be8f7,Bf7g8,Bg8h7][%mdl 32]} 17. O-O dxc4 18. e4 Nf6 19. Rfe1 {[%mdl 1024] White has compensation.} Qb8 20. Qf3 {Threatens to win with e5.} Kg8 21. Rac1 Kh7 22. Bd2 b5 23. b3 $1 Ng4 24. e5 (24. Bf4 $15 Qd8 25. Bg3 (25. bxc4 Rf8 $15)) 24... Qb6 (24... Qd8 $17 25. bxc4 Rf8) 25. Re4 $2 (25. Qe4 $1 $15) 25... Rhf8 $19 26. Bf4 Rad8 27. Qc3 c5 $36 {[%cal Bc6c5,Bc5d4,Bd4d3,Bd3d2][%mdl 2080] Black is on the roll.} 28. bxc4 cxd4 29. Qd3 $2 (29. Qb2) 29... bxc4 30. Rxc4 {[#]} Rxf4 $1 {[%mdl 576] Remove Defender, Deflection} 31. Rxf4 Nxe5 {[%mdl 64] Double Attack} 32. Qf1 Nxc4 33. Qxc4 d3 {Black mates.} 34. Qc1 d2 35. Qd1 Qc7 {Accuracy: White = 38%, Black = 68%.} 0-1